Η καθημερινή ζωή στους προϊστορικούς χρόνους
Αποθηκεύτηκε σε:
| Κύριος συγγραφέας: | |
|---|---|
| Άλλοι συγγραφείς: | |
| Μορφή: | Βιβλίο |
| Γλώσσα: | Greek English |
| Δημοσίευση: |
Αθήνα :
Παπαδήμας,
1988.
|
| Σειρά: | Λαοί και πολιτισμοί
|
| Θέματα: | |
| Ετικέτες: |
Προσθήκη ετικέτας
Δεν υπάρχουν, Καταχωρήστε ετικέτα πρώτοι!
|
MARC
| LEADER | 00000cam a2200000 i 4500 | ||
|---|---|---|---|
| 001 | 1/13877 | ||
| 008 | 950925s1988 gr | ||| |||| ||gre|| | ||
| 020 | |a 9602060468 | ||
| 035 | |l 10019206 | ||
| 035 | |1 ΕΛΗ |a 1995 |b 2209 |c ΒΙΒΛΙΟΘΗΚΗ |l 10044168 | ||
| 035 | |a 1989 |b 2 |c Δωρεά | ||
| 035 | |a 1993 |b 1 |c Καμπουροπούλου | ||
| 040 | |a GR-MyUa |b gre |e AACR2 | ||
| 041 | 1 | |a gre |h eng | |
| 082 | 7 | |a 930 |2 (22) | |
| 100 | 1 | |a Quennell, C. H. B. |q (Charles Henry Bourne), |d 1872-1935. | |
| 245 | 1 | 2 | |a Η καθημερινή ζωή στους προϊστορικούς χρόνους / |c C.H.B. and M. Quennell ; μετάφραση Άννα Γιαννοπούλου. |
| 260 | |a Αθήνα : |b Παπαδήμας, |c 1988. | ||
| 300 | |a 254 σ. : |b εικ. ; |c 22 εκ. | ||
| 490 | 1 | |a (Λαοί και πολιτισμοί) | |
| 500 | |a Το παράρτημα Λέσβου διαθέτει την ανατύπωση του 1993. | ||
| 500 | |a Με 153 εικόνες εντός και εκτός κειμένου. | ||
| 500 | |a Τίτλος πρωτοτύπου: Everyday life in prehistoric times. | ||
| 650 | 0 | 0 | |a Prehistoric peoples. |
| 650 | 0 | |a Stone age. | |
| 650 | 0 | |a Bronze age. | |
| 650 | 0 | |a Iron age. | |
| 700 | 1 | |a Quennell, Marjorie. | |
| 830 | 0 | |a Λαοί και πολιτισμοί | |
| 852 | |a INST |b LESVOS |e 19980327 |h 930 QUE |p 005100014282 |q 005100014282 |t BK |y 0 | ||
| 852 | |a INST |b RHODES |e 19960807 |h 930 QUE |p 005400009606 |q 005400009606 |t BK |y 0 | ||
| 852 | |a INST |b RHODES |e 19960520 |h 930 QUE |p N10011683 |q N10011683 |t BK |y 12 | ||
| 852 | |a INST |b SAMOS |e 19950925 |h 930 QUE |p 005300010326 |q 005300010326 |t BK |y 0 | ||
| 901 | |a BIBL-1998-2 | ||
| 922 | |a 1ΕΛΗ |b 199802 |c ΚΠΣ/ΤΚΑ |d EMVASIS | ||
| 950 | |a 117-1998-01-28 | ||